skbl

Dr Suryya Kumar Bhuyan Library Web-OPAC
ডঃ সূৰ্য্য
কুমাৰ ভূঞা পুথিভঁৰাল ৱেব-অ'পেক

All Research Scholars are advised to clear the annual library fees to continue using Library Resources, Remote Access, Plagiarism Test and Library Clearance.

Cotton University Book Fair 2026

Ecology of Insect / (Record no. 7738)

MARC details
000 -LEADER
fixed length control field 00796nam a2200301Ia 4500
001 - CONTROL NUMBER
control field 7751
005 - DATE AND TIME OF LATEST TRANSACTION
control field 20240113234032.0
007 - PHYSICAL DESCRIPTION FIXED FIELD--GENERAL INFORMATION
fixed length control field ta
008 - FIXED-LENGTH DATA ELEMENTS--GENERAL INFORMATION
fixed length control field 050712s1996 a g b000 u eng u
020 ## - INTERNATIONAL STANDARD BOOK NUMBER
Terms of availability HB
040 ## - CATALOGING SOURCE
Original cataloging agency Cotton College,Assam
041 ## - LANGUAGE CODE
Language code of text/sound track or separate title eng
082 ## - DEWEY DECIMAL CLASSIFICATION NUMBER
Classification number 595.7
Item number Sa 97 Ec
100 ## - MAIN ENTRY--PERSONAL NAME
Personal name Saxena, A.B. .
245 #0 - TITLE STATEMENT
Title Ecology of Insect /
Statement of responsibility, etc. A.B.Saxena.
Medium Textual Documents
250 ## - EDITION STATEMENT
Edition statement 1st ed. /
260 ## - PUBLICATION, DISTRIBUTION, ETC.
Place of publication, distribution, etc. New Delhi :
Name of publisher, distributor, etc. Anmol Publications ,
Date of publication, distribution, etc. 1996.
300 ## - PHYSICAL DESCRIPTION
Extent 391p. :
Other physical details ill ;
Dimensions 22cm .
440 ## - SERIES STATEMENT/ADDED ENTRY--TITLE
Title Recent in Entomology ,
Volume/sequential designation 4
490 ## - SERIES STATEMENT
Series statement Recent in Entomology ,
Volume/sequential designation 4
653 ## - INDEX TERM--UNCONTROLLED
Uncontrolled term Zoology-Ecology-Insects
653 ## - INDEX TERM--UNCONTROLLED
Uncontrolled term Insects-Ecology
653 ## - INDEX TERM--UNCONTROLLED
Uncontrolled term Ecology-Insects
653 ## - INDEX TERM--UNCONTROLLED
Uncontrolled term PG-Zoology
942 ## - ADDED ENTRY ELEMENTS (KOHA)
Source of classification or shelving scheme Dewey Decimal Classification
Koha item type Books
Holdings
Withdrawn status Lost status Damaged status Not for loan Collection Home library Current library Date acquired Coded location qualifier Total checkouts Full call number Barcode Date last seen Copy number Price effective from Koha item type
          Dr. Suryya Kumar Bhuyan Library Dr. Suryya Kumar Bhuyan Library 01/02/2012 00000   595.7 Sa 97 Ec 493/Zoo 13/01/2024 1 01/02/2012 Books

Designed and Maintained by Team SKBL
©1901-2026

Powered by Koha